[Event "St Petersburg Korchnoi Memorial op"]
[Site "St Petersburg"]
[Date "2024.08.20"]
[Round "6"]
[White "Kurilov, Amuo"]
[Black "Abgaryan, Harutyun V"]
[Result "1/2-1/2"]
[WhiteElo "1965"]
[BlackElo "1795"]
[PlyCount "164"]
[EventDate "2024.08.17"]
[EventType "swiss"]
[EventRounds "9"]
[EventCountry "RUS"]
[SourceTitle "EXT 2025"]
[Source "ChessBase"]
[SourceDate "2024.10.14"]
[SourceVersion "1"]
[SourceVersionDate "2024.10.14"]
[SourceQuality "1"]

1. d4 Nf6 2. Bg5 d5 3. Nd2 c5 4. dxc5 Na6 5. Ngf3 e6 6. e3 Nxc5 7. Be2 Be7 8. 0-0 0-0 9. c4 b6 10. Nd4 Bb7 11. N2f3 h6 12. Bh4 Rc8 13. Rc1 a6 14. Ne5 dxc4 15. Nxc4 b5 16. Nd2 Qb6 17. Bf3 Rfd8 18. Bxb7 Qxb7 19. Qe2 Nd5 20. Bg3 Bf6 21. N2b3 Qb6 22. Nxc5 Rxc5 23. Nb3 Rcc8 24. e4 Nb4 25. Rxc8 Rxc8 26. a3 Nc6 27. e5 Be7 28. Rc1 Rd8 29. h3 Nd4 30. Nxd4 Rxd4 31. Rc8+ Rd8 32. Qc2 a5 33. Rc7 Bf8 34. Bf4 Qd4 35. g3 g5 36. Be3 Qxe5 37. a4 bxa4 38. Rc4 Bb4 39. h4 Qd5 40. Rd4 Qa8 41. hxg5 Rxd4 42. Bxd4 hxg5 43. Qxa4 Qd8 44. Be5 f6 45. Bc3 Bxc3 46. bxc3 Kf7 47. c4 Qc7 48. Qc2 f5 49. Qa4 Ke7 50. Qa3+ Kd7 51. Qa4+ Kd6 52. Qb5 Qc5 53. Qb8+ Ke7 54. Qa8 f4 55. gxf4 gxf4 56. Qe4 a4 57. Qh7+ Kd6 58. Qd3+ Kc7 59. Qh7+ Kb6 60. Qb1+ Ka7 61. Qh7+ Ka6 62. Qe4 a3 63. Qa8+ Kb6 64. Qd8+ Qc7 65. c5+ Kb7 66. c6+ Kb6 67. Qd4+ Kxc6 68. Qa4+ Kd5 69. Qxa3 e5 70. Qd3+ Kc6 71. Qa6+ Kd7 72. Qd3+ Qd6 73. Qh7+ Qe7 74. Qd3+ Ke8 75. Qg6+ Kf8 76. Qf5+ Kg7 77. Qg4+ Kh6 78. Qh3+ Kg6 79. f3 Qc5+ 80. Kf1 Qc1+ 81. Kf2 Qe3+ 82. Kf1 Kf6 1/2-1/2